000
00276nam a22001337a 4500
008
170405b xxu||||| |||| 00| 0 eng d
020
_a
31720
041
_a
eng
080
_a
574
100
_a
9
101
_a
SHM
245
_a
THE PLANT KINGDOM
_c
BURNS, G.W
942
_2
udc
_c
BK
999
_c
9760
_d
9760